[Event "Brighton zt"]
[Site "Brighton"]
[Date "1984.12.12"]
[Round "1"]
[White "Botterill, George Steven"]
[Black "McNab, Colin Anderson"]
[Result "0-1"]
[WhiteElo "2430"]
[BlackElo "2370"]
[PlyCount "58"]
[EventDate "1984.12.12"]
[EventType "tourn"]
[EventRounds "9"]
[EventCountry "ENG"]
[EventCategory "7"]
[SourceTitle "BritBase"]
[Source "John Saunders"]
[SourceDate "2020.09.07"]
[SourceVersion "1"]
[SourceVersionDate "2020.09.07"]
[SourceQuality "2"]

1. d4 d6 2. e4 g6 3. Nc3 Bg7 4. f4 Nc6 5. Be3 Nf6 6. Nf3 O-O 7. Be2 e6 8. Qd2
Ne7 9. O-O-O b6 10. Ng5 h6 11. Nh3 Bb7 12. Bf3 Rb8 13. g4 b5 14. Qg2 b4 15. Ne2
d5 16. e5 Ne4 17. Ng3 c5 18. Bxe4 dxe4 19. f5 Nd5 20. Qf2 Qa5 21. f6 Qxa2 22.
fxg7 Rfd8 23. Rhf1 Rd7 24. Nxe4 c4 25. Qh4 c3 26. Nxc3 bxc3 27. bxc3 Qa1+ 28.
Kd2 Qxc3+ 29. Kc1 Qa3+ 0-1

[Event "Brighton zt"]
[Site "Brighton"]
[Date "1984.12.12"]
[Round "1"]
[White "Chandler, Murray G"]
[Black "Condie, Mark L"]
[Result "1-0"]
[WhiteElo "2540"]
[BlackElo "2360"]
[PlyCount "141"]
[EventDate "1984.12.12"]
[EventType "tourn"]
[EventRounds "9"]
[EventCountry "ENG"]
[EventCategory "7"]
[SourceTitle "BritBase"]
[Source "John Saunders"]
[SourceDate "2020.09.07"]
[SourceVersion "1"]
[SourceVersionDate "2020.09.07"]
[SourceQuality "2"]

1. e4 c6 2. d4 d5 3. Nd2 dxe4 4. Nxe4 Bf5 5. Ng3 Bg6 6. h4 h6 7. Nf3 Nd7 8. h5
Bh7 9. Bd3 Bxd3 10. Qxd3 Qc7 11. Bd2 Ngf6 12. O-O-O e6 13. Ne4 O-O-O 14. g3 Nc5
15. Nxc5 Bxc5 16. c4 Bb6 17. Bc3 a6 18. Kb1 Ba5 19. b4 Bb6 20. Ne5 c5 21. bxc5
Bxc5 22. Qe2 Qb6+ 23. Kc2 Rxd4 24. Rxd4 Bxd4 25. Rb1 Qc5 26. Qf3 Bxe5 27. Qxb7+
Kd8 28. Bxe5 Qxc4+ 29. Kd2 Nd7 30. Bxg7 Re8 31. Ke1 Ke7 32. Rd1 Qb5 33. Qc7 Ra8
34. Bxh6 Qe5+ 35. Qxe5 Nxe5 36. Bf4 Kf6 37. Ke2 Rc8 38. Bxe5+ Kxe5 39. Rh1 Kf5
40. h6 Rh8 41. Kd3 Kg6 42. Rh4 Rxh6 43. Ra4 Rh1 44. Rxa6 Rf1 45. Ke3 Re1+ 46.
Kf3 Ra1 47. Ra4 Kf5 48. Ra7 Kg6 49. Ke2 Rc1 50. Rd7 Rc2+ 51. Rd2 Rc3 52. Kd1 e5
53. Rc2 Ra3 54. Kc1 Kg5 55. Kb2 Ra8 56. Rc4 f5 57. a4 e4 58. Kb3 Kg4 59. Rc5
Rf8 60. a5 Kf3 61. Rc2 Re8 62. a6 e3 63. fxe3 Kxg3 64. Kb4 Kf3 65. Rc3 Ra8 66.
Ra3 Rb8+ 67. Kc5 Rc8+ 68. Kd5 Re8 69. a7 Ra8 70. Ke5 Kg4 71. Ke6 1-0

[Event "Brighton zt"]
[Site "Brighton"]
[Date "1984.12.13"]
[Round "2"]
[White "Mestel, A Jonathan"]
[Black "McNab, Colin Anderson"]
[Result "0-1"]
[WhiteElo "2545"]
[BlackElo "2370"]
[PlyCount "60"]
[EventDate "1984.12.12"]
[EventType "tourn"]
[EventRounds "9"]
[EventCountry "ENG"]
[EventCategory "7"]
[SourceTitle "BritBase"]
[Source "John Saunders"]
[SourceDate "2020.09.07"]
[SourceVersion "1"]
[SourceVersionDate "2020.09.07"]
[SourceQuality "2"]

1. e4 g6 2. d4 d6 3. c4 e5 4. Nc3 Nd7 5. Be3 Bg7 6. Nge2 Ne7 7. g3 exd4 8. Nxd4
Nc6 9. Be2 O-O 10. O-O Re8 11. Rc1 Nc5 12. f3 Bh3 13. Re1 f5 14. Nxc6 bxc6 15.
b4 Nd7 16. c5 fxe4 17. cxd6 exf3 18. Bxf3 Ne5 19. dxc7 Qxd1 20. Bxd1 Nd3 21.
Bb3+ Kh8 22. Bf2 Rxe1+ 23. Rxe1 Nxf2 24. Nd1 Nd3 25. Be6 Bd4+ 26. Kh1 Bxe6 27.
Rxe6 Bb6 28. Rxc6 Rc8 29. b5 Rxc7 30. Nc3 Rxc6 0-1

[Event "Brighton zt"]
[Site "Brighton"]
[Date "1984.12.14"]
[Round "3"]
[White "Botterill, George Steven"]
[Black "Plaskett, H James"]
[Result "1-0"]
[WhiteElo "2430"]
[BlackElo "2470"]
[PlyCount "60"]
[EventDate "1984.12.12"]
[EventType "tourn"]
[EventRounds "9"]
[EventCountry "ENG"]
[EventCategory "7"]
[SourceTitle "BritBase"]
[Source "John Saunders"]
[SourceDate "2020.09.07"]
[SourceVersion "1"]
[SourceVersionDate "2020.09.07"]
[SourceQuality "2"]

1. d4 Nf6 2. c4 e6 3. Nc3 Bb4 4. Qc2 O-O 5. Nf3 d6 6. a3 Bxc3+ 7. Qxc3 b6 8. b4
Bb7 9. e3 Nbd7 10. Bb2 Ne4 11. Qc2 f5 12. Bd3 a5 13. O-O Ndf6 14. Nd2 axb4 15.
axb4 Rxa1 16. Bxa1 Nxd2 17. Qxd2 Ne4 18. Qe2 Qh4 19. f3 Ng5 20. Bc3 Qh5 21. Be1
e5 22. dxe5 dxe5 23. Bc3 Qe8 24. c5 Rf6 25. Qa2+ Kf8 26. Qa7 Qc8 27. Bxe5 Rg6
28. Bg3 h5 29. Bxf5 Qxf5 30. Qxb7 Kg8 1-0

[Event "Brighton zt"]
[Site "Brighton"]
[Date "1984.12.14"]
[Round "3"]
[White "Chandler, Murray G"]
[Black "Mestel, A Jonathan"]
[Result "1/2-1/2"]
[WhiteElo "2540"]
[BlackElo "2545"]
[PlyCount "101"]
[EventDate "1984.12.12"]
[EventType "tourn"]
[EventRounds "9"]
[EventCountry "ENG"]
[EventCategory "7"]
[SourceTitle "BritBase"]
[Source "John Saunders"]
[SourceDate "2020.09.07"]
[SourceVersion "1"]
[SourceVersionDate "2020.09.07"]
[SourceQuality "2"]

1. e4 c5 2. Nf3 d6 3. Bb5+ Nd7 4. d4 Ngf6 5. Nc3 cxd4 6. Qxd4 e5 7. Qd3 h6 8.
Be3 Be7 9. Bc4 O-O 10. O-O Nb6 11. Bb3 Be6 12. Nh4 Rc8 13. Ng6 Re8 14. Rfd1 Nc4
15. Bxc4 Rxc4 16. Nxe7+ Rxe7 17. Qxd6 Qxd6 18. Rxd6 Nxe4 19. Nxe4 Rxe4 20. b3
a6 21. c4 Rg4 22. Rad1 Rg6 23. Rd8+ Kh7 24. Bc5 Rc7 25. Bd6 Rd7 26. Bxe5 Rxd1+
27. Rxd1 Bg4 28. Rd4 Bf3 29. Bg3 Bc6 30. f3 Re6 31. Kf2 g5 32. Bd6 Kg6 33. Rd2
h5 34. Bc5 Kf5 35. a4 g4 36. Be3 gxf3 37. gxf3 Rf6 38. Rd3 Kg6 39. Bc5 Rf5 40.
Be7 Re5 41. Bd6 Re6 42. Bg3 Re7 43. Bd6 Rd7 44. c5 Rd8 45. Rd1 f6 46. Re1 Re8
47. Rg1+ Kf7 48. Rd1 Re6 49. Bf4 Re7 50. Rd3 Re8 51. Bd6 1/2-1/2

[Event "Brighton zt"]
[Site "Brighton"]
[Date "1984.12.14"]
[Round "3"]
[White "Short, Nigel D"]
[Black "Condie, Mark L"]
[Result "1/2-1/2"]
[WhiteElo "2510"]
[BlackElo "2360"]
[PlyCount "60"]
[EventDate "1984.12.12"]
[EventType "tourn"]
[EventRounds "9"]
[EventCountry "ENG"]
[EventCategory "7"]
[SourceTitle "BritBase"]
[Source "John Saunders"]
[SourceDate "2020.09.07"]
[SourceVersion "1"]
[SourceVersionDate "2020.09.07"]
[SourceQuality "2"]

1. e4 e5 2. Nf3 Nf6 3. Nxe5 d6 4. Nf3 Nxe4 5. Nc3 Nxc3 6. dxc3 Be7 7. Be3 Nc6
8. Qd2 Ne5 9. Nd4 O-O 10. f4 Ng4 11. O-O-O c5 12. Nf3 Be6 13. Kb1 Qa5 14. a3 b5
15. Bd3 Rab8 16. Rhe1 Bf6 17. Bg1 b4 18. cxb4 Rxb4 19. c3 Rb3 20. Bxh7+ Kh8 21.
Rxe6 fxe6 22. Bc2 Rxa3 23. bxa3 Rb8+ 24. Ka2 Bxc3 25. Qc1 Qb5 26. Qb1 Qb2+ 27.
Qxb2 Rxb2+ 28. Ka1 Rb3+ 29. Ka2 Rb2+ 30. Ka1 Rb3+ 1/2-1/2

[Event "Brighton zt"]
[Site "Brighton"]
[Date "1984.12.15"]
[Round "4"]
[White "Condie, Mark L"]
[Black "Botterill, George Steven"]
[Result "1-0"]
[WhiteElo "2360"]
[BlackElo "2430"]
[PlyCount "59"]
[EventDate "1984.12.12"]
[EventType "tourn"]
[EventRounds "9"]
[EventCountry "ENG"]
[EventCategory "7"]
[SourceTitle "BritBase"]
[Source "John Saunders"]
[SourceDate "2020.09.07"]
[SourceVersion "1"]
[SourceVersionDate "2020.09.07"]
[SourceQuality "2"]

1. d4 d5 2. c4 dxc4 3. Nf3 Nf6 4. e3 e6 5. Bxc4 c5 6. O-O a6 7. Qe2 b5 8. Bb3
Bb7 9. Rd1 Nbd7 10. e4 cxd4 11. e5 Nd5 12. Rxd4 Be7 13. Rg4 Qc7 14. Bd2 g6 15.
Nc3 Nxc3 16. Bxc3 Rc8 17. Re1 h5 18. Rd4 O-O 19. Bxe6 Bxf3 20. Qd3 Nxe5 21.
Rxe5 Qxe5 22. Qxg6+ Qg7 23. Qxg7+ Kxg7 24. Bxc8 Bf6 25. Bxa6 Be2 26. Rd5 Bxc3
27. bxc3 Bc4 28. Rxh5 Ra8 29. Bxb5 Kg6 30. Rc5 1-0

[Event "Brighton zt"]
[Site "Brighton"]
[Date "1984.12.15"]
[Round "4"]
[White "Plaskett, H James"]
[Black "McNab, Colin Anderson"]
[Result "1-0"]
[WhiteElo "2470"]
[BlackElo "2370"]
[PlyCount "67"]
[EventDate "1984.12.12"]
[EventType "tourn"]
[EventRounds "9"]
[EventCountry "ENG"]
[EventCategory "7"]
[SourceTitle "BritBase"]
[Source "John Saunders"]
[SourceDate "2020.09.07"]
[SourceVersion "1"]
[SourceVersionDate "2020.09.07"]
[SourceQuality "2"]

1. e4 g6 2. d4 d6 3. Nc3 Bg7 4. Nge2 e5 5. Be3 Nc6 6. h3 Nf6 7. g3 d5 8. Bg2
Nxe4 9. Nxe4 dxe4 10. d5 Ne7 11. Bxe4 Nf5 12. Bxf5 Bxf5 13. Nc3 h5 14. Qd2 Qd7
15. f3 Bxh3 16. Qh2 Bf5 17. g4 Bxg4 18. fxg4 Qxg4 19. Qf2 O-O-O 20. Qxf7 Rd7
21. Qf2 Rf8 22. Qh4 Qf3 23. Qe4 Qxe4 24. Nxe4 Rxd5 25. Rg1 Rh8 26. Rxg6 Bf8 27.
Ke2 h4 28. Rag1 Be7 29. c4 Ra5 30. Rg7 Kd8 31. Rd1+ Ke8 32. Bg5 Bxg5 33. Nxg5
Rh6 34. Rdd7 1-0

[Event "Brighton zt"]
[Site "Brighton"]
[Date "1984.12.16"]
[Round "5"]
[White "McNab, Colin Anderson"]
[Black "Condie, Mark L"]
[Result "1/2-1/2"]
[WhiteElo "2370"]
[BlackElo "2360"]
[PlyCount "30"]
[EventDate "1984.12.12"]
[EventType "tourn"]
[EventRounds "9"]
[EventCountry "ENG"]
[EventCategory "7"]
[SourceTitle "BritBase"]
[Source "John Saunders"]
[SourceDate "2020.09.07"]
[SourceVersion "1"]
[SourceVersionDate "2020.09.07"]
[SourceQuality "2"]

1. c4 Nf6 2. Nf3 e6 3. g3 d5 4. Bg2 Be7 5. O-O O-O 6. b3 c5 7. Bb2 Nc6 8. e3 b6
9. Qe2 Bb7 10. Rd1 Qc7 11. Nc3 Rfd8 12. Rac1 dxc4 13. bxc4 a6 14. Ba1 Rab8 15.
Ne1 Na7 1/2-1/2

[Event "Brighton zt"]
[Site "Brighton"]
[Date "1984.12.17"]
[Round "6"]
[White "Chandler, Murray G"]
[Black "Botterill, George Steven"]
[Result "1-0"]
[WhiteElo "2540"]
[BlackElo "2430"]
[PlyCount "65"]
[EventDate "1984.12.12"]
[EventType "tourn"]
[EventRounds "9"]
[EventCountry "ENG"]
[EventCategory "7"]
[SourceTitle "BritBase"]
[Source "John Saunders"]
[SourceDate "2020.09.07"]
[SourceVersion "1"]
[SourceVersionDate "2020.09.07"]
[SourceQuality "2"]

1. e4 e6 2. d4 d5 3. Nd2 Nf6 4. e5 Nfd7 5. f4 c5 6. c3 Nc6 7. Ndf3 cxd4 8. cxd4
Qb6 9. g3 Bb4+ 10. Kf2 g5 11. Be3 f6 12. Bh3 fxe5 13. fxe5 O-O 14. Bg4 Be7 15.
Qb3 Ndxe5 16. dxe5 d4 17. Bd2 Nxe5 18. h3 Bd7 19. Kg2 Nxg4 20. hxg4 Rac8 21.
Qxb6 axb6 22. Ne5 Bb5 23. Ngf3 Rc5 24. Rac1 Rd5 25. Rhe1 Bd6 26. Bxg5 d3 27.
Bd2 Ra8 28. a3 Bc5 29. Re4 Rf8 30. Rd1 Rxe5 31. Nxe5 Rf2+ 32. Kh3 Bd6 33. Bc3
1-0

[Event "Brighton zt"]
[Site "Brighton"]
[Date "1984.12.17"]
[Round "6"]
[White "Mestel, A Jonathan"]
[Black "Plaskett, H James"]
[Result "1-0"]
[WhiteElo "2545"]
[BlackElo "2470"]
[PlyCount "56"]
[EventDate "1984.12.12"]
[EventType "tourn"]
[EventRounds "9"]
[EventCountry "ENG"]
[EventCategory "7"]
[SourceTitle "BritBase"]
[Source "John Saunders"]
[SourceDate "2020.09.07"]
[SourceVersion "1"]
[SourceVersionDate "2020.09.07"]
[SourceQuality "2"]

1. e4 e5 2. Nf3 Nc6 3. Bb5 Bc5 4. c3 f5 5. d4 fxe4 6. Bxc6 dxc6 7. Nxe5 Bd6 8.
Qh5+ g6 9. Qe2 Bf5 10. Bf4 Nf6 11. Nd2 O-O 12. O-O Qe7 13. f3 exf3 14. Ndxf3
Ng4 15. Bg5 Qe6 16. h3 Nxe5 17. dxe5 Bc5+ 18. Kh1 Qd5 19. Rad1 Qxa2 20. Bf6
Rae8 21. Qd2 Rf7 22. Ng5 a6 23. Rxf5 gxf5 24. Qf4 Qb3 25. Rf1 Qc2 26. Qg3 f4
27. Qxf4 Rd7 28. Ne4 Rd1 1-0

[Event "Brighton zt"]
[Site "Brighton"]
[Date "1984.12.18"]
[Round "7"]
[White "McNab, Colin Anderson"]
[Black "Chandler, Murray G"]
[Result "1/2-1/2"]
[WhiteElo "2370"]
[BlackElo "2540"]
[PlyCount "74"]
[EventDate "1984.12.12"]
[EventType "tourn"]
[EventRounds "9"]
[EventCountry "ENG"]
[EventCategory "7"]
[SourceTitle "BritBase"]
[Source "John Saunders"]
[SourceDate "2020.09.07"]
[SourceVersion "1"]
[SourceVersionDate "2020.09.07"]
[SourceQuality "2"]

1. c4 c5 2. Nf3 Nf6 3. g3 d5 4. Bg2 Nc6 5. cxd5 Nxd5 6. Nc3 Nc7 7. d3 e5 8. Be3
Be7 9. Rc1 Ne6 10. O-O Bd7 11. Nd5 O-O 12. Nd2 Rc8 13. Ne4 Ncd4 14. f4 exf4 15.
Nxe7+ Qxe7 16. gxf4 f5 17. Ng3 Bc6 18. Rf2 Bxg2 19. Rxg2 Kh8 20. Bd2 Qd6 21. e3
Nc6 22. Bc3 Rcd8 23. Rd2 Qd5 24. b3 Ne7 25. Qh5 Qd7 26. Ba1 Ng6 27. Rf1 Qf7 28.
Rf3 Rd5 29. e4 fxe4 30. Qxd5 Nd4 31. Qxe4 Re8 32. Bxd4 Rxe4 33. dxe4 cxd4 34.
Rxd4 h6 35. Nf5 Qc7 36. e5 Qc1+ 37. Rf1 Qc2 {(60)} 1/2-1/2

[Event "Brighton zt"]
[Site "Brighton"]
[Date "1984.12.18"]
[Round "7"]
[White "Plaskett, H James"]
[Black "Condie, Mark L"]
[Result "1/2-1/2"]
[WhiteElo "2470"]
[BlackElo "2360"]
[PlyCount "81"]
[EventDate "1984.12.12"]
[EventType "tourn"]
[EventRounds "9"]
[EventCountry "ENG"]
[EventCategory "7"]
[SourceTitle "BritBase"]
[Source "John Saunders"]
[SourceDate "2020.09.07"]
[SourceVersion "1"]
[SourceVersionDate "2020.09.07"]
[SourceQuality "2"]

1. Nf3 Nf6 2. g3 d5 3. Bg2 g6 4. c4 dxc4 5. Na3 c3 6. bxc3 Bg7 7. O-O O-O 8.
Re1 c5 9. e4 Nc6 10. d4 Bg4 11. d5 Ne5 12. Rb1 Qa5 13. h3 Bxf3 14. Bxf3 Nxf3+
15. Qxf3 Nd7 16. Rxb7 Bxc3 17. Nc4 Ne5 18. Nxe5 Bxe5 19. Rd1 Rfe8 20. Bg5 f6
21. Bh6 Qa6 22. Rdb1 Rab8 23. Rxb8 Bxb8 24. Qg4 Kf7 25. Rb7 c4 26. Rb4 Qc8 27.
Be3 c3 28. Qxc8 Rxc8 29. Kf1 c2 30. Bc1 Bd6 31. Ra4 Rc3 32. Ke2 Bc5 33. Ra6 Bb6
34. Ra3 Rc4 35. f3 f5 36. e5 g5 37. Kd3 Rd4+ 38. Kxc2 Rxd5 39. Bxg5 Rxe5 40.
Kd3 Re1 41. g4 1/2-1/2

[Event "Brighton zt"]
[Site "Brighton"]
[Date "1984.12.18"]
[Round "7"]
[White "Short, Nigel D"]
[Black "Mestel, A Jonathan"]
[Result "1/2-1/2"]
[WhiteElo "2510"]
[BlackElo "2545"]
[PlyCount "80"]
[EventDate "1984.12.12"]
[EventType "tourn"]
[EventRounds "9"]
[EventCountry "ENG"]
[EventCategory "7"]
[SourceTitle "BritBase"]
[Source "John Saunders"]
[SourceDate "2020.09.07"]
[SourceVersion "1"]
[SourceVersionDate "2020.09.07"]
[SourceQuality "2"]

1. e4 c5 2. Nf3 d6 3. d4 cxd4 4. Nxd4 Nf6 5. Nc3 a6 6. Be3 e6 7. f4 b5 8. Qf3
Bb7 9. Bd3 Nbd7 10. g4 b4 11. Nce2 Nc5 12. Ng3 Nfd7 13. O-O-O Qc7 14. Kb1 g6
15. f5 Bg7 16. fxe6 fxe6 17. Rhf1 Ne5 18. Qe2 Rf8 19. Nb3 Na4 20. Bd4 Rf7 21.
h4 Rc8 22. g5 Kf8 23. h5 Rxf1 24. Rxf1+ Kg8 25. hxg6 hxg6 26. Qh2 Rf8 27. Rh1
Rf7 28. Ne2 Nc5 29. Nf4 Rxf4 30. Qxf4 Nxb3 31. Be3 Nxd3 32. Qh4 Be5 33. axb3
Nc5 34. Bf4 Bg7 35. Qh7+ Kf7 36. Be5 dxe5 37. Rf1+ Ke7 38. Qxg7+ Kd6 39. Rf7
Qc8 40. Rf8 Qd7 1/2-1/2

[Event "Brighton zt"]
[Site "Brighton"]
[Date "1984.12.19"]
[Round "8"]
[White "Mestel, A Jonathan"]
[Black "Condie, Mark L"]
[Result "1-0"]
[WhiteElo "2545"]
[BlackElo "2360"]
[PlyCount "83"]
[EventDate "1984.12.12"]
[EventType "tourn"]
[EventRounds "9"]
[EventCountry "ENG"]
[EventCategory "7"]
[SourceTitle "BritBase"]
[Source "John Saunders"]
[SourceDate "2020.09.07"]
[SourceVersion "1"]
[SourceVersionDate "2020.09.07"]
[SourceQuality "2"]

1. e4 e5 2. Bc4 Nf6 3. d3 Bc5 4. Nf3 Nc6 5. c3 a6 6. O-O Ba7 7. Re1 O-O 8. Nbd2
d6 9. Bb3 Ne7 10. d4 Ng6 11. h3 h6 12. Nf1 d5 13. Nxe5 Nxe5 14. dxe5 Nxe4 15.
Be3 Be6 16. Bxa7 Rxa7 17. Bc2 Qg5 18. Bxe4 dxe4 19. Qd4 Raa8 20. Qxe4 Rad8 21.
Ng3 Rd2 22. Qxb7 Qf4 23. Re2 Rxe2 24. Nxe2 Qxe5 25. Qxa6 Rd8 26. Nd4 Bd5 27.
Qe2 Qg5 28. Nf3 Qf4 29. Rd1 Rd6 30. Qe8+ Kh7 31. Qe5 Qxe5 32. Nxe5 Bxa2 33.
Rxd6 cxd6 34. Nf3 Kg6 35. Nd4 Kf6 36. f4 g5 37. g3 Bd5 38. b4 Bb7 39. Kf2 Bc8
40. h4 Bd7 41. fxg5+ hxg5 42. h5 1-0

[Event "Brighton zt"]
[Site "Brighton"]
[Date "1984.12.19"]
[Round "8"]
[White "Short, Nigel D"]
[Black "Botterill, George Steven"]
[Result "1/2-1/2"]
[WhiteElo "2510"]
[BlackElo "2430"]
[PlyCount "82"]
[EventDate "1984.12.12"]
[EventType "tourn"]
[EventRounds "9"]
[EventCountry "ENG"]
[EventCategory "7"]
[SourceTitle "BritBase"]
[Source "John Saunders"]
[SourceDate "2020.09.07"]
[SourceVersion "1"]
[SourceVersionDate "2020.09.07"]
[SourceQuality "2"]

1. e4 d6 2. d4 g6 3. Nf3 Bg7 4. Be2 Nf6 5. Nc3 O-O 6. O-O Bg4 7. Be3 Nc6 8. h3
Bxf3 9. Bxf3 Nd7 10. d5 Na5 11. Be2 c6 12. Rb1 Rc8 13. Re1 cxd5 14. Nxd5 e6 15.
Nf4 Nf6 16. f3 d5 17. exd5 e5 18. Nd3 Nxd5 19. Bf2 Re8 20. Bf1 f5 21. Nc5 b6
22. Nb3 Nxb3 23. axb3 Nf4 24. Qxd8 Rexd8 25. Rbd1 Bf6 26. c3 Kg7 27. Rxd8 Rxd8
28. Ra1 Rd7 29. Bb5 Rc7 30. Rd1 Be7 31. b4 Kf6 32. h4 Ke6 33. Ba4 Bd6 34. Be3
Ke7 35. Kf2 Ne6 36. g4 f4 37. Bc1 a5 38. bxa5 bxa5 39. Ke2 Nc5 40. Bc2 Rb7 41.
h5 gxh5 1/2-1/2

[Event "Brighton zt"]
[Site "Brighton"]
[Date "1984.12.20"]
[Round "9"]
[White "Botterill, George Steven"]
[Black "Mestel, A Jonathan"]
[Result "1/2-1/2"]
[WhiteElo "2430"]
[BlackElo "2545"]
[PlyCount "79"]
[EventDate "1984.12.12"]
[EventType "tourn"]
[EventRounds "9"]
[EventCountry "ENG"]
[EventCategory "7"]
[SourceTitle "BritBase"]
[Source "John Saunders"]
[SourceDate "2020.09.07"]
[SourceVersion "1"]
[SourceVersionDate "2020.09.07"]
[SourceQuality "2"]

1. d4 Nf6 2. c4 g6 3. Nc3 Bg7 4. e4 d6 5. Be2 O-O 6. Bg5 Nbd7 7. Qd2 e5 8. d5
Nc5 9. Bf3 a5 10. Nge2 Bd7 11. Nc1 Qe8 12. Nb3 Nxb3 13. axb3 Kh8 14. h4 h5 15.
Bxf6 Bxf6 16. Bxh5 Kg7 17. Bf3 Rh8 18. g3 Bd8 19. b4 b6 20. Nd1 Rb8 21. bxa5
bxa5 22. Rxa5 c6 23. Ra6 cxd5 24. Qxd5 Be6 25. Qd3 Bb6 26. Qxd6 Bd4 27. Be2 Rb3
28. Qc7 Qc8 29. Rc6 Qa8 30. Rxe6 Rb7 31. Rxg6+ Kxg6 32. Qd6+ Kg7 33. Qa3 Qxa3
34. bxa3 Ra8 35. Kf1 Rxa3 36. Kg2 Ra2 37. Bf3 Rc7 38. g4 Rxc4 39. g5 Rcc2 40.
Rf1 1/2-1/2